Southville International School and Colleges
Your cart is empty.
  • Cart
  • Lists
    Public lists Eva Luna New books Lux_list list_1
    Your lists Log in to create your own lists
  • Log in to your account
  • Your cookies
  • Search history
Southville International School and Colleges
  • Advanced search
  • Recent comments
  • Most popular
  • Libraries

Log in to your account

Log in with GOOGLE


If you do not have an external account, but do have a local account, you can still log in:

  1. Home
  2. MARC view: Trading between the lines :
Normal view MARC view ISBD view

Trading between the lines : (Record no. 275368)

[ view plain ]
MARC details
000 -LEADER
fixed length control field 01233cam a22003014a 4500
001 - CONTROL NUMBER
control field 16602729
005 - DATE AND TIME OF LATEST TRANSACTION
control field 20140903113349.0
008 - FIXED-LENGTH DATA ELEMENTS--GENERAL INFORMATION
fixed length control field 110107s2011 njua b 001 0 eng
010 ## - LIBRARY OF CONGRESS CONTROL NUMBER
LC control number 2010053522
020 ## - INTERNATIONAL STANDARD BOOK NUMBER
International Standard Book Number 9781576603734 (cloth)
040 ## - CATALOGING SOURCE
Original cataloging agency DLC
Transcribing agency DLC
Modifying agency DLC
042 ## - AUTHENTICATION CODE
Authentication code pcc
050 00 - LIBRARY OF CONGRESS CALL NUMBER
Classification number HG 4638
Item number .K58 2011
082 00 - DEWEY DECIMAL CLASSIFICATION NUMBER
Classification number 332.63/2042
100 1# - MAIN ENTRY--PERSONAL NAME
Personal name Knuth, Elaine.
245 10 - TITLE STATEMENT
Title Trading between the lines :
Remainder of title pattern recognition and visualization of markets /
Statement of responsibility, etc Elaine Knuth.
260 ## - PUBLICATION, DISTRIBUTION, ETC. (IMPRINT)
Place of publication, distribution, etc Hoboken, N.J. :
Name of publisher, distributor, etc John Wiley & Sons,
Date of publication, distribution, etc c2011.
300 ## - PHYSICAL DESCRIPTION
Extent xi, 222 p. :
Other physical details ill. ;
Dimensions 24 cm.
490 0# - SERIES STATEMENT
Series statement Bloomberg financial series
505 0# - FORMATTED CONTENTS NOTE
Formatted contents note Perception and pattern: how mindset leads to understanding and action -- Visualizing the idea of what makes a price -- An upside reversal -- A downside reversal -- Price and repeating order.
521 ## - TARGET AUDIENCE NOTE
Target audience note
650 #0 - SUBJECT ADDED ENTRY--TOPICAL TERM
Topical term or geographic name as entry element Stocks
Form subdivision Charts, diagrams, etc.
650 #0 - SUBJECT ADDED ENTRY--TOPICAL TERM
Topical term or geographic name as entry element Stocks
General subdivision Prices
Form subdivision Charts, diagrams, etc.
650 #0 - SUBJECT ADDED ENTRY--TOPICAL TERM
Topical term or geographic name as entry element Technical analysis (Investment analysis)
906 ## - LOCAL DATA ELEMENT F, LDF (RLIN)
a 7
b cbc
c orignew
d 1
e ecip
f 20
g y-gencatlg
942 ## - ADDED ENTRY ELEMENTS (KOHA)
Source of classification or shelving scheme Library of Congress Classification
Koha item type Books
Call number prefix Foreign
Holdings
Withdrawn status Lost status Source of classification or shelving scheme Damaged status Not for loan Home library Current library Shelving location Date acquired Source of acquisition Total Checkouts Full call number Barcode Date last seen Price effective from Koha item type
    Library of Congress Classification   On Process College Library College Library General Circulation Section 09/03/2014 Donation   HG 4638 .K58 2011 C18559 05/15/2018 09/03/2014 Books

Trading between the lines :

APA

Knuth E., . (2011). Trading between the lines. Hoboken, N.J: John Wiley & Sons.

Chicago

Knuth Elaine, . 2011. Trading between the lines. Hoboken, N.J: John Wiley & Sons.

Harvard

Knuth E., . (2011). Trading between the lines. Hoboken, N.J: John Wiley & Sons.

MLA

Knuth Elaine, . Trading between the lines. Hoboken, N.J: John Wiley & Sons. 2011.

  • Place hold
  • Print
  • Cite
  • Add to your cart (remove)
  • Save record
    BIBTEX Dublin Core MARCXML MARC (non-Unicode/MARC-8) MARC (Unicode/UTF-8) MARC (Unicode/UTF-8, Standard) MODS (XML) RIS
  • More searches
    Search for this title in:
    Other Libraries (WorldCat) Other Databases (Google Scholar) Online Stores (Bookfinder.com) Open Library (openlibrary.org)

Exporting to Dublin Core...

SOUTHVILLE LIBRARY

Southville International School and Colleges Library

1281 Tropical Ave. Cor. Luxembourg St., BF Homes International, Las Pinas City

Tel. No. 8256374 / 252358 Loc. 117/146

Powered by Koha